[Event "Lillafured"]
[Site "Lillafured"]
[Date "1989.??.??"]
[Round "?"]
[White "Krasenkow, Michal"]
[Black "Rajkovic, Dusan"]
[Result "1-0"]
[WhiteElo "2525"]
[BlackElo "2500"]

1.d4 Nf6 2.Nf3 e6 3.g3 c5 4.Bg2 cxd4 5.Nxd4 a6 6.c4 Qc7 7.Nd2 Be7 8.O-O O-O
9.b3 d6 10.Bb2 Bd7 11.e4 Nc6 12.Qe2 Rfd8 13.N2f3 Ne8 14.Rac1 Rac8 15.Nxc6 Bxc6
16.Nd4 Bd7 17.f4 b5 18.cxb5 Qb6 19.Kh1 axb5 20.a3 Rc7 21.e5 dxe5 22.fxe5 Rxc1
23.Rxc1 Bc5 24.Qe4 f5 25.Qh4 Rc8 26.Rd1 Qc7 27.Qf4 Bxd4 28.Qxd4 Bc6 29.Bxc6 Qxc6+
30.Kg1 Qb7 31.Qd7 Qxd7 32.Rxd7 Rc2 33.Bd4 g5 34.a4 bxa4 35.bxa4 Ra2 36.Ra7 h5
37.a5 Ng7 38.a6 f4 39.Ra8+ Kh7 40.a7 Nf5 41.Bc5 fxg3 42.hxg3 h4 43.Rb8 h3
44.Bf2 h2+ 45.Kxh2 Rxf2+ 46.Kh3 Ra2 47.a8=Q Rxa8 48.Rxa8 Ne3 49.Re8 Kg6 50.Rxe6+ Kh5
51.Rf6 g4+ 52.Kh2 Kg5 53.Rf8  1-0

[Event "Lillafured"]
[Site "Lillafured"]
[Date "1989.??.??"]
[Round "?"]
[White "Krasenkow, Michal"]
[Black "Barczay, Laszlo"]
[Result "1/2-1/2"]
[WhiteElo "2525"]
[BlackElo "2395"]

1.e4 e5 2.Nf3 Nf6 3.Nxe5 d6 4.Nf3 Nxe4 5.Qe2 Qe7 6.d3 Nf6 7.Bg5 Qxe2+ 8.Bxe2 Be7
9.Nc3 c6 10.O-O-O Na6 11.Ne4  1/2-1/2

[Event "URS-sf Moscow-ch"]
[Site "Moscow"]
[Date "1989.??.??"]
[Round "?"]
[White "Krasenkow, Michal"]
[Black "Balashov, Yuri S"]
[Result "1-0"]
[WhiteElo "2505"]
[BlackElo "2535"]

1.d4 Nf6 2.c4 d6 3.Nc3 Nbd7 4.e4 e5 5.Nf3 Be7 6.Be2 c6 7.O-O O-O 8.Qc2 a6
9.Rd1 Qc7 10.d5 Rb8 11.Ne1 Re8 12.Be3 Nf8 13.b4 cxd5 14.exd5 Ng4 15.Bxg4 Bxg4
16.f3 Bh5 17.c5 Bg6 18.Qd2 Qd7 19.Nd3 Rbc8 20.cxd6 Bxd6 21.Nc5 Qe7 22.N3e4 Bxe4
23.fxe4 Rc7 24.Rac1 Rec8 25.a3 Nd7 26.Nxb7 Nf6 27.Rxc7 Rxc7 28.Nxd6 Qxd6
29.Bc5 Qd7 30.Qb2 Qe8 31.h3 Nd7 32.Rc1 Qb8 33.Qe2 Qc8 34.Kh2 a5 35.Qg4 axb4
36.axb4 g6 37.Qh4 h5 38.d6 Rb7 39.Qe7 Qf8 40.Qxf8+ Kxf8 41.Be3 Rxb4 42.Rc7 Nf6
43.Bc5 Rb8 44.d7+ Kg7 45.Be7 Nxd7 46.Rxd7 Rb6 47.Rd6  1-0

[Event "URS-sf Moscow-ch"]
[Site "Moscow"]
[Date "1989.??.??"]
[Round "?"]
[White "Glek, Igor V"]
[Black "Krasenkow, Michal"]
[Result "1-0"]
[WhiteElo "2505"]
[BlackElo "2505"]

1.e4 e5 2.Nf3 Nc6 3.Bb5 a6 4.Ba4 Nf6 5.O-O Nxe4 6.d4 Be7 7.Re1 f5 8.dxe5 O-O
9.Be3 Qe8 10.c3 Qg6 11.Nbd2 d5 12.exd6 Bxd6 13.Nc4 Kh8 14.Nxd6 cxd6 15.Bf4 Qg4
16.Bxd6 Rd8 17.Bxc6 bxc6 18.Ne5 Qxd1 19.Raxd1 Kg8 20.Be7 Rxd1 21.Rxd1 Be6
22.f3 Nf6 23.Bxf6 gxf6 24.Nxc6  1-0

[Event "URS-ch sf"]
[Site "Moscow"]
[Date "1989.??.??"]
[Round "?"]
[White "Krasenkow, Michal"]
[Black "Kishnev, Sergey"]
[Result "1/2-1/2"]
[WhiteElo "2525"]
[BlackElo "2375"]

1.d4 Nf6 2.Nf3 e6 3.c4 b6 4.Nc3 Bb7 5.a3 d5 6.cxd5 Nxd5 7.Qc2 Nxc3 8.Qxc3 h6
9.b4 Nd7 10.e3 Bd6 11.Bb2 O-O 12.Be2 Re8 13.Rd1 Nf6 14.O-O a5 15.b5 Ne4 16.Qc2 Bd5
17.Ne5 Qg5 18.Bf3 f5 19.a4 Rac8 20.Nc4 h5 21.Qe2 h4 22.h3 Bb4 23.Rc1 Rf8
24.Ne5 Bd6 25.Nc4 Bb4 26.Ne5 Bd6 27.Nc4  1/2-1/2

[Event "Kotov mem"]
[Site "Odessa"]
[Date "1989.??.??"]
[Round "?"]
[White "Novikov, Igor A"]
[Black "Krasenkow, Michal"]
[Result "1/2-1/2"]
[WhiteElo "2500"]
[BlackElo "2530"]

1.d4 Nf6 2.c4 g6 3.Nc3 d5 4.Nf3 Bg7 5.cxd5 Nxd5 6.e4 Nxc3 7.bxc3 c5 8.Rb1 O-O
9.Be2 Nc6 10.d5 Ne5 11.Nxe5 Bxe5 12.Qd2 b6 13.f4 Bg7 14.c4 e6 15.O-O Bd4+
16.Kh1 Re8 17.Bd3 exd5 18.exd5 Bf5 19.Bxf5 gxf5 20.Bb2 Qf6 21.Bxd4 cxd4 22.Rbe1 Re4
23.g4 Rae8 24.gxf5 Qxf5 25.Rg1+ Kf8 26.Qd3 Qxf4 27.Qa3+ R8e7 28.Ref1 Qh4
29.Qd6 Rg4 30.Qd8+ Re8 31.Qd6+ Re7 32.Qd8+ Re8 33.Rxf7+ Kxf7 34.Rf1+ Rf4
35.Qc7+ Kg8 36.Qxf4 Qxf4 37.Rxf4 d3 38.Rd4 Kf8 39.Rxd3 Re1+  1/2-1/2

[Event "Kotov mem"]
[Site "Odessa"]
[Date "1989.??.??"]
[Round "?"]
[White "Krasenkow, Michal"]
[Black "Pyhala, Antti"]
[Result "1-0"]
[WhiteElo "2530"]
[BlackElo "2385"]

1.d4 d5 2.c4 e6 3.Nc3 Nf6 4.cxd5 exd5 5.Bg5 Be7 6.e3 O-O 7.Nf3 c6 8.Bd3 Nbd7
9.Qc2 Re8 10.O-O Nf8 11.a3 Be6 12.Rae1 Ng6 13.Ne5 Nd7 14.Bxe7 Qxe7 15.f4 Ndxe5
16.fxe5 Rf8 17.Ne2 Rac8 18.Nf4 Rc7 19.Qf2 c5 20.h4 Nxf4 21.exf4 c4 22.Bb1 f5
23.exf6 Qxf6 24.Re5 Bf7 25.h5 c3 26.Qc2 g6 27.bxc3 Rfc8 28.Rf3 Qb6 29.hxg6 hxg6
30.f5 Rc6 31.fxg6 Rxg6 32.Rxf7 Kxf7 33.Qf5+ Kg7 34.Re7+  1-0

[Event "Kotov mem"]
[Site "Odessa"]
[Date "1989.??.??"]
[Round "?"]
[White "Kaminski, Uwe"]
[Black "Krasenkow, Michal"]
[Result "1/2-1/2"]
[WhiteElo "2405"]
[BlackElo "2530"]

1.e4 e5 2.Nf3 Nc6 3.Bb5 a6 4.Ba4 Nf6 5.O-O Nxe4 6.d4 Be7 7.Re1 f5 8.d5 Na5
9.Nxe5 O-O 10.c3 Bc5 11.Nd3 Ba7 12.Be3 Bxe3 13.Rxe3 c6 14.Bb3 Kh8 15.Nd2 Nxb3
16.axb3 cxd5 17.Nf4 d4 18.cxd4 Nf6 19.Nf3 Qc7 20.Ne5 g5 21.Rc1 Qd8 22.Nfd3 d6
23.Nf3 f4 24.Re1 Bg4 25.h4 h6 26.d5 Rc8 27.hxg5 hxg5 28.Rxc8 Qxc8 29.Nb4 Qc5
30.Nc2 Bxf3 31.gxf3 Qxd5 32.Nd4 Rf7 33.Qd3 Rg7 34.Re6 Ng8 35.Qe4 Qxe4 36.fxe4 Re7
37.Rxd6 Rxe4 38.f3 Re1+ 39.Kf2 Rb1 40.Rb6 Rxb2+ 41.Ke1 Ne7 42.Rxb7 Nd5 43.Rd7 Nb4
44.Rf7 Rg2 45.Rb7 Nd3+ 46.Kd1 Rf2 47.Re7 Ra2 48.Rd7 Ne5 49.Rd5 Nf7 50.Ne6 Rb2
51.Nxg5 Nxg5 52.Rxg5 Rxb3 53.Ke2 Ra3 54.Rf5 Ra4 55.Kf2 Kg7 56.Kg2 Kg6 57.Rf8 Kg5
58.Kh3 Ra3 59.Rg8+ Kf5 60.Rf8+ Ke5 61.Kg4 Ra4 62.Rf5+  1/2-1/2

[Event "Ptuj"]
[Site "Ptuj"]
[Date "1989.??.??"]
[Round "2"]
[White "Krasenkow, Michal"]
[Black "Podvrsnik, Marko"]
[Result "1-0"]
[WhiteElo "2525"]
[BlackElo "2290"]

1.d4 Nc6 2.c4 e5 3.d5 Nce7 4.e4 Nf6 5.Qc2 Ng6 6.Nd2 a5 7.Ne2 Bc5 8.Nb3 Bb4+
9.Bd2 Qe7 10.c5 Bxd2+ 11.Nxd2 O-O 12.Rc1 Ne8 13.g3 d6 14.cxd6 cxd6 15.Nc4 Bg4
16.Qb3 a4 17.Qa3 b5 18.Ne3 f5 19.Nxg4 fxg4 20.Nc3 Qa7 21.Rc2 Qd4 22.Rd2 b4
23.Rxd4 bxa3 24.Rxa4 Rxa4 25.Nxa4 Nf6 26.Bd3 axb2 27.Nxb2 Ra8 28.a4 Rb8 29.Nd1 Rb4
30.Nc3 Rb3 31.Kd2 Rb2+ 32.Bc2 Ne7 33.Rb1 Rxb1 34.Bxb1 Nd7 35.a5 Nc5 36.Ke3 Nc8
37.Bd3  1-0

[Event "Ptuj"]
[Site "Ptuj"]
[Date "1989.??.??"]
[Round "3"]
[White "Rajkovic, Dusan"]
[Black "Krasenkow, Michal"]
[Result "0-1"]
[WhiteElo "2500"]
[BlackElo "2525"]

1.Nf3 Nf6 2.c4 g6 3.Nc3 d5 4.cxd5 Nxd5 5.Qa4+ Bd7 6.Qh4 Nxc3 7.bxc3 c5 8.g3 Bg7
9.Bg2 Bc6 10.O-O Nd7 11.d4 h6 12.dxc5 Bxc3 13.Rb1 Qa5 14.Be3 Qxa2 15.Bd4 g5
16.Qh3 Bxd4 17.Nxd4 Bxg2 18.Qxg2 Nxc5 19.Rbc1 Rc8 20.Nf5 f6 21.Qf3 Rc7 22.Rfd1 h5
23.Rd5 g4 24.Qf4 Qxd5 25.Qxc7 Qxf5 26.Qb8+ Kf7 27.Qxh8 Ne4 28.Rf1 Ng5 29.f3 gxf3
30.exf3 Ne6 31.Kg2 a5 32.Qa8 Qd5 33.Qa7 Nd4 34.Rf2 h4 35.gxh4 Nf5 36.Qb6 Nxh4+
37.Kg3 Qg5+ 38.Kh3 Ng6 39.Qb3+ Kf8 40.f4 Nxf4+  0-1

[Event "Ptuj"]
[Site "Ptuj"]
[Date "1989.??.??"]
[Round "6"]
[White "Krasenkow, Michal"]
[Black "Mencinger, Vojko"]
[Result "1/2-1/2"]
[WhiteElo "2525"]
[BlackElo "2395"]

1.Nf3 e6 2.c4 f5 3.g3 Nf6 4.Bg2 d5 5.O-O Bd6 6.Nc3 c6 7.d3 O-O 8.e4 dxe4
9.dxe4 Bb4 10.exf5 Qxd1 11.Rxd1 exf5 12.Na4 Ne4 13.Be3 Nd7 14.a3 Be7 15.Rac1 Re8
16.Re1 Ndf6 17.Rc2 Be6 18.Ng5 Nxg5 19.Bxg5 Bf7 20.b4 h6 21.Be3  1/2-1/2

[Event "Ptuj"]
[Site "Ptuj"]
[Date "1989.??.??"]
[Round "10"]
[White "Simic, Radoslav"]
[Black "Krasenkow, Michal"]
[Result "0-1"]
[WhiteElo "2485"]
[BlackElo "2525"]

1.c4 Nf6 2.g3 e6 3.Nf3 d5 4.d4 dxc4 5.Bg2 Nc6 6.O-O Rb8 7.a4 a6 8.Bg5 Be7
9.Nc3 O-O 10.e4 b5 11.axb5 axb5 12.Re1 Nb4 13.b3 Nd3 14.Re2 Bd7 15.bxc4 bxc4
16.Ne5 Bb5 17.Nxb5 Rxb5 18.Nc6 Qd7 19.Nxe7+ Qxe7 20.e5 Qd7 21.exf6 Rxg5 22.fxg7 Rxg7
23.Re4 f5 24.Rh4 f4 25.Qe2 Qxd4 26.Qxe6+ Kh8 27.Rf1 c3 28.Qc6 Nb4 29.Qe6 c2
30.Be4 fxg3 31.hxg3 Rxf2 32.Rxf2  0-1

[Event "Ptuj"]
[Site "Ptuj"]
[Date "1989.??.??"]
[Round "11"]
[White "Krasenkow, Michal"]
[Black "Zysk, Robert"]
[Result "1/2-1/2"]
[WhiteElo "2525"]
[BlackElo "2455"]

1.d4 Nf6 2.c4 g6 3.Nc3 d5 4.cxd5 Nxd5 5.e4 Nxc3 6.bxc3 Bg7 7.Bc4 c5 8.Ne2 O-O
9.O-O Nc6 10.Be3 Bg4  1/2-1/2

[Event "Belgorod"]
[Site "Belgorod"]
[Date "1990.??.??"]
[Round "?"]
[White "Krasenkow, Michal"]
[Black "Howell, James C"]
[Result "0-1"]
[WhiteElo "2545"]
[BlackElo "2450"]

1.d4 Nf6 2.c4 e6 3.g3 c5 4.d5 exd5 5.cxd5 b5 6.a4 b4 7.Bg2 d6 8.Nd2 Ba6 9.Qc2 g6
10.Nc4 Bg7 11.Bf4 O-O 12.Bxd6 b3 13.Qc1 Re8 14.Bxc5 Nbd7 15.Nd6 Qa5+ 16.Kf1 Nxc5
17.Nxe8 Rxe8 18.Bf3 Nfe4 19.Kg2 Qd2 20.Bxe4 Qxc1 21.Rxc1 Nxe4 22.Nh3 Nd2
23.Rhd1 Nc4 24.d6 Bxb2 25.d7 Rd8 26.Rb1 Bb7+  0-1

[Event "Belgorod"]
[Site "Belgorod"]
[Date "1990.??.??"]
[Round "?"]
[White "Borges Mateos, Juan"]
[Black "Krasenkow, Michal"]
[Result "1-0"]
[WhiteElo "2500"]
[BlackElo "2545"]

1.Nf3 Nf6 2.c4 g6 3.b3 Bg7 4.Bb2 O-O 5.g3 d6 6.d4 c5 7.Bg2 Ne4 8.O-O Nc6
9.Nbd2 f5 10.e3 Qa5 11.Nxe4 fxe4 12.Nd2 cxd4 13.exd4 Nxd4 14.Nxe4 Nf3+ 15.Bxf3 Bxb2
16.Rb1 Bg7 17.Qe2 Bd7 18.Rbd1 Bc6 19.Bg2 Kh8 20.h4 h6 21.Rfe1 Rad8 22.Rd3 Rf5
23.Red1 Rff8 24.Re3 Qb6 25.Qg4 d5 26.cxd5 Bxd5 27.Rf1 Bd4 28.Rf3 Rxf3 29.Qxf3 Kg7
30.h5 g5 31.Qe2 e5 32.Nd2 Bf7 33.Be4 Qa6 34.Nc4 Rc8 35.Bd3 Qe6 36.Qe4 Kf8
37.Re1 Qc6 38.Qh7  1-0

[Event "Belgorod"]
[Site "Belgorod"]
[Date "1990.??.??"]
[Round "?"]
[White "Krasenkow, Michal"]
[Black "Kiselev, Sergey"]
[Result "1/2-1/2"]
[WhiteElo "2545"]
[BlackElo "2450"]

1.Nf3 Nf6 2.c4 e6 3.g3 d5 4.Bg2 dxc4 5.Qa4+ Nbd7 6.Qxc4 c5 7.Qb3 Rb8 8.d3 Bd6
9.Nc3 a6 10.a4 b6 11.Ng5 Bb7 12.Bxb7 Rxb7 13.O-O h6 14.Nge4 Be7 15.Rd1 O-O
16.Bf4 Nxe4 17.Nxe4 Nf6 18.Qc4 Nxe4 19.dxe4 Qa8 20.Bd6 Bxd6 21.Rxd6 Rc8 22.e5 Rbb8
23.Qh4 Qb7 24.Rad1 Rc7 25.g4 b5 26.f3 Rf8 27.a5 c4 28.g5 hxg5 29.Qxg5 b4
30.Rd8 Rc8 31.R8d4 Rc5 32.Kh1 f6 33.Qg4 f5 34.Qh5 Rc7 35.Qg6 Qc8 36.Rh4 Qe8
37.Qh7+ Kf7 38.Rh6 Rg8 39.Rg1 Kf8 40.Rf6+ Rf7 41.Rxf7+ Qxf7 42.Qh4 Qc7 43.Rd1 Kf7
44.Qh5+ Ke7 45.Qh4+ Kf7 46.Qh5+ Ke7 47.Rd6 c3 48.bxc3 bxc3 49.Qh4+ Kf7 50.Qd4 Ke7
51.Qh4+ Kf7 52.Qd4 Ke7 53.Qh4+  1/2-1/2

[Event "Belgorod"]
[Site "Belgorod"]
[Date "1990.??.??"]
[Round "?"]
[White "Mohr, Georg"]
[Black "Krasenkow, Michal"]
[Result "0-1"]
[WhiteElo "2450"]
[BlackElo "2545"]

1.Nf3 Nf6 2.c4 g6 3.Nc3 Bg7 4.e4 O-O 5.d4 c6 6.Bd3 d5 7.e5 Ne8 8.cxd5 cxd5
9.h3 Nc6 10.O-O f6 11.exf6 Nxf6 12.Re1 a6 13.Bg5 Qd6 14.Rc1 b5 15.a3 e6 16.Ne5 Nxd4
17.Bxg6 Nd7 18.Nxd7 Bxd7 19.Bb1 Be8 20.Qg4 h5 21.Qd1 Nf5 22.g4 Nd4 23.Re3 Ra7
24.Qd3 Be5 25.Rce1 Nc6 26.Kg2 hxg4 27.hxg4 Rg7 28.Bh6 Rxg4+ 29.Kh3 Rg6 30.Rg1 Rf5
31.Bg5 Rgxg5 32.Rxg5+ Rxg5 33.Qh7+ Kf8 34.Rf3+ Bf4 35.Qh6+ Ke7 36.Qh4 Bc1
37.Ne2 Kd7 38.Ng3 Qe7  0-1

[Event "Belgorod"]
[Site "Belgorod"]
[Date "1990.??.??"]
[Round "?"]
[White "Vasiukov, Evgeni"]
[Black "Krasenkow, Michal"]
[Result "1/2-1/2"]
[WhiteElo "2545"]
[BlackElo "2545"]

1.e4 c5 2.Nf3 e6 3.Nc3 Nc6 4.Bb5 Nge7 5.O-O Qc7 6.Re1 Ng6 7.Bxc6 bxc6 8.d3 Be7
9.Ne2 O-O 10.Ng3 d6 11.Rb1 Rb8 12.b3 d5 13.c4 dxc4 14.dxc4 Bf6 15.Be3 Rd8
16.Qc1 Bd4 17.h3 f6 18.Bxd4 cxd4 19.e5 f5 20.h4 Qe7 21.h5 Nh4 22.Nxh4 Qxh4
23.Qa3 Rb7 24.Qc5 Rf7 25.Rbd1 d3 26.Nf1 Qxh5 27.Rd2 f4 28.f3 Qf5 29.Re4 Rfd7
30.a4 g5 31.g4 fxg3 32.Qe3 h5 33.Nxg3 Qg6 34.c5 Ba6 35.b4 Rd5 36.Nf1 Rf8
37.Rg2 Rf5 38.Nd2 Qg7 39.f4 g4 40.Rd4 Qd7 41.Re4 Qd8 42.Nb3 Rf7 43.Nd4 Rfd7
44.Nxe6 d2 45.Rxd2 Rxd2 46.Nxd8 Rd1+ 47.Kf2 h4 48.Qb3+ Kh7 49.b5 g3+ 50.Kg2 R1d2+
51.Kf1 cxb5 52.axb5 Bxb5+ 53.Qxb5 h3 54.Re1 Rf2+  1/2-1/2

[Event "Belgorod"]
[Site "Belgorod"]
[Date "1990.??.??"]
[Round "?"]
[White "Zilberman, Nathan R"]
[Black "Krasenkow, Michal"]
[Result "0-1"]
[WhiteElo "2455"]
[BlackElo "2545"]

1.Nf3 Nf6 2.c4 g6 3.Nc3 Bg7 4.d4 O-O 5.Bg5 h6 6.Bh4 d6 7.e3 Nbd7 8.Be2 e5
9.dxe5 dxe5 10.Qc2 c6 11.O-O g5 12.Bg3 Nh5 13.Rfd1 Nxg3 14.hxg3 f5 15.e4 f4
16.b4 fxg3 17.fxg3 Qb6+ 18.c5 Qxb4 19.Na4 b5 20.cxb6 axb6 21.Qb3+ Qxb3 22.axb3 b5
23.Nc3 Rxa1 24.Rxa1 Nc5 25.b4 Na6 26.Rb1 Rd8 27.Bd1 Be6 28.Bb3 Bxb3 29.Rxb3 Rd3
30.Ne1 Rd4 31.Nc2 Rd2 32.Ne3 Bf8 33.Ng4 Nxb4 34.Nxe5 Bg7 35.Nf3 Rd3 36.Rxb4 Bxc3
37.Rb1 b4 38.Kf2 c5 39.Ke2 c4 40.Rd1 Rxd1 41.Kxd1 b3 42.g4 Kf7  0-1

[Event "Belgorod"]
[Site "Belgorod"]
[Date "1990.??.??"]
[Round "12"]
[White "Krasenkow, Michal"]
[Black "Laketic, Gojko"]
[Result "1-0"]
[WhiteElo "2545"]
[BlackElo "2425"]

1.d4 d5 2.Nf3 c5 3.c4 cxd4 4.cxd5 Nf6 5.Nxd4 Nxd5 6.e4 Nb4 7.Bb5+ Bd7 8.Nc3 e5
9.Nf5 N8c6 10.Ne3 Nd4 11.Bxd7+ Qxd7 12.Ncd5 Rc8 13.O-O Ndc2 14.Nxc2 Nxc2
15.Rb1 Nb4 16.Qf3 Nxd5 17.Rd1 Bc5 18.Rxd5 Qc7 19.Qg4 Bd4 20.Be3 Bxe3 21.Qxg7  1-0

[Event "Hastings Challengers9091"]
[Site "Hastings"]
[Date "1990.??.??"]
[Round "?"]
[White "Krasenkow, Michal"]
[Black "McNab, Colin Anderson"]
[Result "1-0"]
[WhiteElo "2535"]
[BlackElo "2385"]

1.Nf3 g6 2.e4 d6 3.d4 Nf6 4.Bd3 Bg7 5.c3 O-O 6.O-O Nc6 7.Na3 Bg4 8.h3 Bxf3
9.Qxf3 e5 10.d5 Ne7 11.Nc2 Nd7 12.Ne3 c6 13.dxc6 bxc6 14.Rd1 Kh8 15.Bc2 Qc7
16.h4 f5 17.exf5 d5 18.Qh3 e4 19.fxg6 Nxg6 20.Nf5 Bf6 21.h5 Nge5 22.Bf4 Rg8
23.Ne3 Raf8 24.Nxd5 cxd5 25.Rxd5 Nb6 26.Bxe4 Nxd5 27.Bxd5 Rg7 28.Bh6 Ng4
29.Bxg7+ Qxg7 30.Bf3 Ne5 31.Be4 Nc4 32.Rd1 Qe7 33.Qg4 Ne5 34.Qe2 Bg7 35.g3 Qe6
36.Bd5 Qb6 37.Kg2 a5 38.f4 Nd7 39.Bf3 Nf6 40.b3 Qc7 41.c4 Re8 42.Qd3 Bf8
43.Qf5 Qg7 44.g4 Ne4 45.Bxe4 Rxe4 46.Rd8 Qb2+ 47.Kh3 Qc3+ 48.Kh4 Qe1+ 49.Kg5 Re8
50.Qf6+ Bg7 51.Qd6 h6+ 52.Kg6 Kg8 53.f5 Qe2 54.Qd5+ Kh8 55.Rxe8+ Qxe8+ 56.Qf7 Qc6+
57.Qe6 Qa8 58.f6 Bf8 59.f7 Qf3 60.Qe5+  1-0

[Event "Hastings Challengers9091"]
[Site "Hastings"]
[Date "1990.??.??"]
[Round "?"]
[White "Krasenkow, Michal"]
[Black "Arkell, Keith C"]
[Result "1/2-1/2"]
[WhiteElo "2535"]
[BlackElo "2425"]

1.d4 Nf6 2.Nf3 e6 3.g3 b5 4.Bg2 Bb7 5.Bg5 c5 6.O-O Be7 7.dxc5 Bxc5 8.Qd3 a6
9.e4 h6 10.Bxf6 Qxf6 11.e5 Qd8 12.Nc3 Ra7 13.Rad1 Qb6 14.Rd2 O-O 15.a3 Qc7
16.Ne4 Bxe4 17.Qxe4 d6 18.exd6 Bxd6 19.Rfd1 Be7 20.Ne5 Bf6 21.f4 Rd8 22.Rxd8+ Bxd8
23.f5 exf5 24.Qxf5 Bf6 25.Nxf7 Qb6+ 26.Kh1 Kxf7 27.Bd5+ Kf8 28.Qc8+ Qd8 29.Qe6 Rd7
30.Qg8+ Ke7 31.Re1+ Kd6 32.Re8 Qa5 33.Bf3 Qd2 34.Rxb8 Qc1+ 35.Kg2 Qxc2+ 36.Kh3 Qf5+  1/2-1/2

[Event "Kusadasi op"]
[Site "Kusadasi"]
[Date "1990.??.??"]
[Round "3"]
[White "Mascarinas, Rico"]
[Black "Krasenkow, Michal"]
[Result "1-0"]
[WhiteElo "2470"]
[BlackElo "2545"]

1.d4 Nf6 2.Nf3 g6 3.Bg5 Bg7 4.Nbd2 d5 5.e3 O-O 6.Be2 c5 7.c3 Nbd7 8.O-O b6
9.b4 Bb7 10.bxc5 bxc5 11.Qa4 Nb6 12.Qb3 Ne4 13.Bf4 c4 14.Qc2 Nxd2 15.Nxd2 Bc6
16.Bf3 Qd7 17.Rfe1 Qf5 18.Qxf5 gxf5 19.Rab1 Rfc8 20.Bd1 Ba4 21.Rb4 Bxd1 22.Rxd1 e6
23.Rb5 Rc6 24.Ra5 a6 25.Rb1 Bf8 26.Nf3 f6 27.Ne1 Be7 28.Nc2 Nd7 29.Rb7 Bd8
30.Nb4  1-0

[Event "Moscow op"]
[Site "Moscow"]
[Date "1990.??.??"]
[Round "?"]
[White "Krasenkow, Michal"]
[Black "Vaganian, Rafael A"]
[Result "1/2-1/2"]
[WhiteElo "2535"]
[BlackElo "2630"]

1.Nf3 Nf6 2.c4 c5 3.Nc3 Nc6 4.g3 d5 5.cxd5 Nxd5 6.Nxd5 Qxd5 7.Bg2 e5 8.d3 Be7
9.O-O O-O 10.Be3 Qe6 11.Qb3 Rb8 12.Ng5 Bxg5 13.Qxe6 Bxe6 14.Bxg5 Rfc8 15.Bd2 c4
16.dxc4 Bxc4 17.Bc3  1/2-1/2

[Event "Ostend op"]
[Site "Ostend"]
[Date "1990.??.??"]
[Round "?"]
[White "Spassov, Liuben"]
[Black "Krasenkow, Michal"]
[Result "1/2-1/2"]
[WhiteElo "2400"]
[BlackElo "2545"]

1.Nf3 g6 2.g3 Bg7 3.d4 Nf6 4.Bg2 O-O 5.O-O d5 6.c4 dxc4 7.Na3 c3 8.bxc3 c5
9.e3 Nc6 10.Qe2 Nd5 11.Bb2 Qa5 12.Rfc1 Bg4 13.h3 Bxf3 14.Bxf3 Nb6 15.Rab1 Rac8
16.Qd1 Rfd8 17.Qb3 e5 18.Nc2 c4 19.Qa3 Na4 20.Nb4 exd4 21.exd4 Nxb4 22.cxb4 Qb5
23.Bxb7 Rb8 24.Be4 Qxb4 25.Qxb4 Rxb4 26.Ba1 Rxb1 27.Rxb1 Bxd4 28.Bc2 Nc5
29.Bxd4 Rxd4 30.Rb8+ Kg7 31.Rc8 Nd3 32.Ba4 Nc1 33.Bb5 Nxa2 34.Bxc4 Rd1+ 35.Kg2 Rc1
36.Rc7 Kh6 37.Rxa7 Rxc4 38.Rxa2  1/2-1/2

[Event "Ostend op"]
[Site "Ostend"]
[Date "1990.??.??"]
[Round "?"]
[White "Krasenkow, Michal"]
[Black "Steinbacher, Matthias"]
[Result "1-0"]
[WhiteElo "2545"]
[BlackElo "2335"]

1.d4 e6 2.c4 Bb4+ 3.Bd2 Bxd2+ 4.Qxd2 Nf6 5.Nc3 d5 6.Nf3 O-O 7.e3 Qe7 8.Qc2 dxc4
9.Bxc4 c5 10.O-O cxd4 11.exd4 Bd7 12.Rfe1 Rc8 13.Bb3 Qf8 14.Ne5 Be8 15.Rad1 a5
16.Qd3 a4 17.Bc2 Qb4 18.Ne4 Nxe4 19.Qxe4 f5 20.Qe2 Ra6 21.Bd3 b5 22.d5 g6  1-0

[Event "Ostend op"]
[Site "Ostend"]
[Date "1990.??.??"]
[Round "?"]
[White "Krasenkow, Michal"]
[Black "Tukmakov, Vladimir B"]
[Result "1-0"]
[WhiteElo "2545"]
[BlackElo "2570"]

1.Nf3 Nf6 2.c4 c5 3.Nc3 Nc6 4.g3 d5 5.cxd5 Nxd5 6.Bg2 Nc7 7.O-O e5 8.d3 Be7
9.Nd2 Bd7 10.Nc4 f6 11.a4 O-O 12.f4 exf4 13.Bxf4 Be6 14.Ne3 Rc8 15.Kh1 Qd7
16.g4 Rfd8 17.Qe1 b6 18.Qg3 Ne8 19.Nf5 Bf8 20.Be4 Nd4 21.Qh3 Nxf5 22.gxf5 Bf7
23.Rf3 Nd6 24.Rg1 Kh8 25.Rg4 Nxf5 26.Rxg7  1-0

[Event "Paris-ch"]
[Site "Paris"]
[Date "1990.??.??"]
[Round "?"]
[White "Sanchez Almeyra, Jorge"]
[Black "Krasenkow, Michal"]
[Result "0-1"]
[WhiteElo "2380"]
[BlackElo "2545"]

1.e4 c5 2.Nf3 Nc6 3.d4 cxd4 4.Nxd4 Nf6 5.Nc3 e5 6.Ndb5 d6 7.Bg5 a6 8.Na3 b5
9.Nd5 Be7 10.Bxf6 Bxf6 11.c3 Bb7 12.Nc2 Nb8 13.c4 O-O 14.cxb5 axb5 15.b4 Bxd5
16.Qxd5 Qc7 17.Bd3 Qc3+ 18.Ke2 Nc6 19.Qxb5 Qxc2+ 20.Bxc2 Nd4+ 21.Kd3 Nxb5
22.a4 Nd4 23.Rhb1 d5 24.Bd1 dxe4+ 25.Kxe4 Rfd8 26.b5 Bg5 27.Ra2 f5+ 28.Kxe5 Rd7
29.Bb3+  0-1

[Event "Paris-ch"]
[Site "Paris"]
[Date "1990.??.??"]
[Round "?"]
[White "Lobron, Eric"]
[Black "Krasenkow, Michal"]
[Result "1-0"]
[WhiteElo "2545"]
[BlackElo "2545"]

1.c4 Nf6 2.Nc3 d5 3.cxd5 Nxd5 4.g3 g6 5.Bg2 Nb6 6.d3 Bg7 7.Nf3 Nc6 8.O-O O-O
9.a3 h6 10.Be3 e5 11.b4 Nd4 12.Nd2 Qe7 13.Re1 c6 14.Rb1 Be6 15.a4 Rac8 16.Nde4 Nd5
17.Nxd5 Bxd5 18.b5 cxb5 19.Bxd4 exd4 20.axb5 Qd7 21.Qa4 a6 22.Qb4 axb5 23.Qxb5 Bc6
24.Qb3 Qe7 25.Qb4 Qxb4 26.Rxb4 Rfe8 27.Nd6 Bf8 28.Rxd4 Bxd6 29.Rxd6 Bxg2
30.Kxg2 Rc2 31.e4 Ra8 32.Rb1 Raa2 33.Rf6 Rc7 34.d4 Kg7 35.e5 Rd2 36.Rb4 b5
37.h4 h5 38.Kf3 Rcc2 39.Ke4 Re2+ 40.Kd5 Rxf2 41.Rxf2 Rxf2 42.Rb3 g5 43.hxg5 Kg6
44.Kd6 Kxg5 45.Rxb5 Kg4 46.Rb3 Kf5 47.d5 Ra2 48.Rf3+ Kg6 49.Kc6 Rc2+ 50.Kd7 Re2
51.Kd6 Re1 52.Kc6 Rxe5 53.d6 Re1 54.d7 Rc1+ 55.Kd6 Rd1+ 56.Ke7  1-0

[Event "Paris-ch"]
[Site "Paris"]
[Date "1990.??.??"]
[Round "?"]
[White "Emms, John M"]
[Black "Krasenkow, Michal"]
[Result "0-1"]
[WhiteElo "2400"]
[BlackElo "2545"]

1.e4 g6 2.d4 Bg7 3.Nf3 d6 4.Nc3 Bg4 5.Be3 Nd7 6.Bc4 e6 7.h3 Bxf3 8.Qxf3 Ne7
9.O-O-O c6 10.h4 d5 11.Bd3 h5 12.e5 Nf5 13.Bxf5 exf5 14.Bg5 Qa5 15.Kb1 Nf8
16.Ne2 Ne6 17.Nf4 Qc7 18.Qe3 Nxf4 19.Bxf4 Qd7 20.Bg5 Qe6 21.Qf4 Rc8 22.f3 O-O
23.Rhg1 c5 24.c3 cxd4 25.cxd4 Rc4 26.g4 fxg4 27.fxg4 hxg4 28.Qxg4 Qxg4 29.Rxg4 Rfc8
30.Rg2 Kf8 31.Be3 R4c6 32.Rdg1 Bh8 33.Rh1 Bg7 34.h5 gxh5 35.Rxh5 Rg6 36.Rxg6 fxg6
37.Rh2 Kf7 38.Rf2+ Ke6 39.Rg2 Kf7 40.a4 Rc4 41.Rf2+ Ke7 42.Rg2 Rc6 43.Bd2 Kf7
44.Bc3 Bh6 45.Kc2 Bf4 46.Kd3 g5 47.Bd2 Bxd2 48.Rxd2 Rb6 49.Kc3 g4 50.Rg2 Rg6
51.Kd3 g3 52.Ke3 Rg4 53.Kf3 Rxd4 54.Kxg3 Rxa4 55.Re2 Ke6 56.Kf3 Rb4 57.Kg3 Re4
58.Rxe4 dxe4 59.Kf4 e3 60.Kxe3 Kxe5 61.Kd3 Kd5 62.Kc3 Kc5 63.Kb3 Kb5 64.Ka3 a6
65.Kb3 a5 66.Kc3 a4  0-1

[Event "URS-chT"]
[Site "Podolsk"]
[Date "1990.??.??"]
[Round "?"]
[White "Doroshkievich, Vladimir K"]
[Black "Krasenkow, Michal"]
[Result "1/2-1/2"]
[WhiteElo "2375"]
[BlackElo "2545"]

1.d4 Nf6 2.c4 g6 3.Nc3 Bg7 4.e4 d6 5.Nf3 O-O 6.Be2 e5 7.dxe5 dxe5 8.Qxd8 Rxd8
9.Bg5 Re8 10.Nd5 Nxd5 11.cxd5 c6 12.Bc4 cxd5 13.Bxd5 Nd7 14.Nd2 Nc5 15.O-O-O  1/2-1/2

[Event "URS-chT"]
[Site "Podolsk"]
[Date "1990.??.??"]
[Round "?"]
[White "Yuneev, Alexey"]
[Black "Krasenkow, Michal"]
[Result "1/2-1/2"]
[WhiteElo "2380"]
[BlackElo "2545"]

1.d4 Nf6 2.c4 d6 3.Nc3 Nbd7 4.Nf3 g6 5.g3 Bg7 6.Bg2 O-O 7.O-O e5 8.b3 Re8
9.e3 exd4 10.Nxd4 a5 11.Bb2 c6 12.a3 Qe7 13.Qc2 h5 14.h3 Nc5 15.b4 Nce4  1/2-1/2

[Event "URS-chT"]
[Site "Podolsk"]
[Date "1990.??.??"]
[Round "?"]
[White "Ruban, Vadim"]
[Black "Krasenkow, Michal"]
[Result "0-1"]
[WhiteElo "2565"]
[BlackElo "2545"]

1.d4 Nf6 2.c4 g6 3.Nc3 Bg7 4.e4 d6 5.f4 O-O 6.Nf3 Bg4 7.h3 Bxf3 8.Qxf3 Nc6
9.Be3 e5 10.dxe5 dxe5 11.f5 Nh5 12.g4 Nf4 13.Rd1 Qe7 14.Qf2 Rfd8 15.Nd5 Nxd5
16.exd5 Nd4 17.a3 Bf6 18.h4 gxf5 19.g5 Bg7 20.Kd2 b5 21.Bxd4 exd4 22.Qxf5 bxc4
23.Bxc4 Rab8 24.Kc1 Qe3+ 25.Kb1 Rxb2+  0-1

[Event "Vienna op"]
[Site "Vienna"]
[Date "1990.??.??"]
[Round "3"]
[White "Baum, Bernd"]
[Black "Krasenkow, Michal"]
[Result "0-1"]
[WhiteElo "2290"]
[BlackElo "2535"]

1.e4 e5 2.Nf3 Nc6 3.d4 exd4 4.Nxd4 Qf6 5.Be3 Bc5 6.c3 Nge7 7.g3 d5 8.Bg2 Bxd4
9.cxd4 dxe4 10.Nc3 Bf5 11.Nxe4 Bxe4 12.Bxe4 O-O-O 13.Qb3 Qe6 14.Qxe6+ fxe6
15.O-O-O Nd5 16.Rhe1 h6 17.Bg2 Rd6 18.Rd2 Rf8 19.Bh3 Kb8 20.Bg2 a5 21.Red1 a4
22.Kb1 Nce7 23.Rd3 b5 24.Rf1 Nf5 25.Bd2 Rfd8 26.Rd1 Nf6 27.Bc3 Ng4 28.R3d2 Nxh2
29.Be4 Ng4 30.d5 Re8 31.dxe6 Nxf2 32.Rxf2 Rxd1+ 33.Kc2 Ne3+  0-1

[Event "Vienna op"]
[Site "Vienna"]
[Date "1990.??.??"]
[Round "5"]
[White "Budnikov, Alexandar"]
[Black "Krasenkow, Michal"]
[Result "1/2-1/2"]
[WhiteElo "2400"]
[BlackElo "2535"]

1.c4 Nf6 2.Nc3 g6 3.e4 d6 4.d4 Bg7 5.Be2 O-O 6.Bg5 Na6 7.f3 c6 8.Qd2 e5 9.d5 cxd5
10.cxd5 Bd7 11.h4 Qb6 12.g4 h5 13.Be3 Nc5 14.g5 Nh7 15.Nh3 a5 16.Nf2 Qc7
17.Rc1 b6 18.Nb5 Qb8 19.Nd1 f6 20.Ndc3 fxg5 21.hxg5 Rf7 22.b3 Be8 23.Kd1 Qd8
24.Kc2 Qe7 25.Kb1 Rf8 26.Rhg1  1/2-1/2